La hora del laico: instrucción pastoral de la comisión episcopal del apostolado laico
Saved in:
| Institution som forfatter: | |
|---|---|
| Format: | Bog |
| Sprog: | spansk |
| Udgivet: |
Santiago
Paulinas
1964
|
| Fag: | |
| Tags: |
Tilføj Tag
Ingen Tags, Vær først til at tagge denne postø!
|
MARC
| LEADER | 00000nam a2200000 a 4500 | ||
|---|---|---|---|
| 001 | UCR2056 | ||
| 003 | CL-VaPUC | ||
| 008 | 980109e19640000CL |||||||||||||||||spa|d | ||
| 082 | 0 | 4 | |a 262.15 |b COM |2 21 |
| 110 | 2 | |a Comisión Episcopal del Apostolado Laico y Acción Católica |e author |9 399687 | |
| 245 | 1 | 3 | |a La hora del laico: instrucción pastoral de la comisión episcopal del apostolado laico |
| 300 | |a 38 p | ||
| 942 | |c BK | ||
| 945 | |d 19980109 00:00:00 |a jquezada | ||
| 260 | |a Santiago |b Paulinas |c 1964 | ||
| 600 | 0 | |a Iglesia católica |9 255129 | |
| 650 | 0 | |a Eclesiología |9 366152 | |
| 650 | 0 | |a Laicismo |9 313856 | |
| 650 | 7 | |a PASTORAL |2 CL-VaPUC |9 397996 | |
| 650 | 0 | |a Doctrina social de la iglesia |9 257333 | |
| 583 | |a last modification |c 19980109 00:00:00 |k Rodrigo Vera | ||
| 999 | |c 265330 |d 265328 | ||
| 952 | |0 0 |1 0 |4 0 |6 262_150000000000000_COM_1964 |7 0 |8 A |9 296211 |a BIBTEO |b BIBTEO |d 2019-11-20 |i 3373037 |o 262.15 COM 1964 |p 3373037 |r 2025-01-17 |w 2019-11-20 |y BK |k ICR | ||